Sports Quiz

Random Sports Quiz

New York Mets Challenge Quiz Stats

 Plays Quiz not verified by Sporcle

Challenge
Share
Tweet
Embed
Score 0/24 Timer 04:00
0 Plays Today
Question Answer % Correct
How many times have the Mets appeared in the World Series?4
98.1%
Who is the current Mets manager?Terry Collins
85.4%
Who was the 1st Mets manager?Casey Stengel
82.2%
Who is the Mets play by play announcer on TV?Gary Cohen
77.1%
Who scored the winning run in Game 6 of the '86 World Series?Ray Knight
73.9%
What was the first team Mike Piazza played for after leaving the Mets?San Diego Padres
70.1%
What Met is known for his 2 unbelievable catches in the 1969 World Series?Tommy Agee
66.2%
What long-time Mets broadcaster died in 2004?Bob Murphy
65%
What was the name of Ralph Kiner's post game show?Kiner's Korner
63.7%
This 1st basemen was traded to the Marlins for Carlos DelgadoMike Jacobs
59.2%
Who holds the Mets record for most hits in a season with 227?Lance Johnson
57.3%
This man managed the Mets to a 1973 NL pennantYogi Berra
55.4%
Question Answer % Correct
Who stole the 2nd most bases for the Mets in a single season with 66?Roger Cedeno
54.1%
Who managed the Mets from 1993-96?Dallas Green
52.9%
Todd Pratt hit a walk-off home run in the 1999 NLDS barely over this CF's gloveSteve Finley
52.9%
This Met made his ML debut on July 21, 2004 vs the Montreal ExposDavid Wright
51.6%
This ex-Mets reliever is the most recent player to play for both the Mets and YankeesPedro Feliciano
45.9%
This is the name of the bridge at Citi FieldShea Bridge
45.9%
These two players share the Mets single season record for Home Runs with 41Todd Hundley and Carlos Beltran
43.9%
What player has the most walks in a Mets single season?John Olerud
33.1%
Who is the most recent player to wear a Mets uniform to be voted into the HOF?Roberto Alomar
33.1%
What ex-Mets pitcher did Mike Piazza hit 2 home runs off of on August 9th, 2006?Pedro Martinez
32.5%
What did the original Big Apple's top hat read?Mets Magic
19.1%
These two pitchers were the last two south paws to win both ends of a doubleheaderOliver Perez and Dave Williams
1.3%

You're not logged in!

Compare scores with friends on all Sporcle quizzes.
Join for Free
OR
Log In

You Might Also Like...

Show Comments

Extras

Created Jan 11, 2011ReportNominate
Tags:challenge, met, New York

Top Quizzes Today


Score Distribution

Your Account Isn't Verified!

In order to create a playlist on Sporcle, you need to verify the email address you used during registration. Go to your Sporcle Settings to finish the process.

Report this User

Report this user for behavior that violates our Community Guidelines.

Details: